Vocabulary 1 - Minna no Nihongo - Statistics

General Stats
  • This quiz has been taken 28 times
  • The average score is 17 of 38
Answer Stats
Hint Answer % Correct
Watashi I, me
96%
Nihon Japan
87%
Sensei Teacher/Doctor (others)
87%
Kyoushi Teacher (me)
87%
iie No
83%
America United States
83%
Hai Yes
83%
Chuugoku China
78%
Indo India
78%
Tai Thailand
78%
Anata You (Singular)
78%
Indoneshia Indonesia
70%
Gakusei Student
70%
Dare (Donata) Who (Donata is formal)
65%
Igirisu United Kingdom
61%
Doitsu Germany
57%
Kankoku South Korea
57%
Burajiru Brazil
52%
Hajimemashite Nice to meet you
52%
Isha Doctor (General)
48%
Daigaku University
48%
Byóuin Hospital
43%
O-namae-ha? What's your name?
30%
Aruzenchin Argentina
26%
~Sai Subfix for {age}
26%
Anohito/ Anokata That person
26%
Ginkouin Banker
22%
Kaishain Company employee
13%
Shain Company employee (me)
13%
Kenkyusha Researcher
9%
~Chan Subfix for {Children}
9%
Nansai What age
9%
Shitsurei desu-ga Excuse me, but~
4%
~San Sir/ Ma'am
4%
~Jin Subfix of {Nationality}
4%
Kara-kimashita X be from ~ | to came from ~
4%
Yoroshiku It's a pleasure
0%
Kochira-ha ~san desu This is Mr ~
0%
No matching quizzes found
Score Distribution
Percent of People with Each Score
Percentile by Number Answered
Your Score History
You have not taken this quiz